Call It What You Want - Taylor Swift Lyrics - Statistics

General Stats
  • This quiz has been taken 23 times
  • The average score is 314 of 403
Answer Stats
Answer % Correct
I
100%
it
100%
a
95%
My
95%
my
95%
the
95%
to
95%
to)
95%
want
95%
when
95%
you
95%
but
91%
call
91%
(call
91%
ever
91%
me
91%
on
91%
one
91%
what
91%
yeah
91%
all
86%
alright
86%
brought
86%
for
86%
he
86%
I'm
86%
i'm
86%
knife
86%
overnight
86%
they
86%
took
86%
castle
82%
crumbled
82%
from
82%
his
82%
it's
82%
like
82%
not
82%
than
82%
was
82%
at
77%
baby's
77%
better
77%
'cause
77%
crown
77%
down
77%
gunfight
77%
know
77%
right
77%
so
77%
walkin'
77%
with
77%
brand
73%
did
73%
doin'
73%
fly
73%
head
73%
jet
73%
liars
73%
months
73%
neck
73%
new
73%
thing
73%
are
68%
as
68%
calling
68%
chain
68%
heard
68%
he's
68%
knows
68%
loves
68%
nobody's
68%
really
68%
stream
68%
walking
68%
wear
68%
and
64%
because
64%
daydream
64%
fit
64%
flowers
64%
high
64%
him
64%
initial
64%
night
64%
'round
64%
scene
64%
back
59%
every
59%
just
59%
look
59%
never
59%
nothing
59%
time
59%
whole
59%
would
59%
(would
59%
above
55%
darkest
55%
fire
55%
grew
55%
is
55%
keep
55%
lover
55%
make
55%
owns
55%
say
55%
thorns
55%
up
55%
warm
55%
away
50%
away)
50%
bridges
50%
burn
50%
can
50%
drama
50%
least
50%
more
50%
need
50%
november
50%
(oh)
50%
queens
50%
said
50%
storm
50%
which
50%
breath
45%
brother
45%
built
45%
don't
45%
eyes
45%
fade
45%
holding
45%
kings
45%
laughing
45%
makin'
45%
mistakes
45%
recall
45%
run
45%
same
45%
save
45%
trust
45%
under
45%
windows
45%
after
41%
covers
41%
forts
41%
late
41%
learn
41%
starry
41%
taking
41%
dressing
36%
swings
36%
slowly
32%
boarded
27%
sparkin'
27%
waht
27%
yes
18%
call it
5%
jokeer
0%
rigjt
0%
No matching quizzes found
Score Distribution
Percent of People with Each Score
Percentile by Number Answered
Your Score History
You have not taken this quiz